Čítanka pro střední školy /

Uložené v:
Podrobná bibliografia
Ďalší autori: Zeman, Milan, 1940- (Compiler), Hnízdo, Vlastislav, 1934- (Compiler)
Médium: Kniha
Jazyk:Czech
Multiple languages
Vydané: Praha : Státní pedagogické nakladatelství, 1979.
Vydanie:4. vyd.
Edícia:Učebnice pro střední školy
ISBN: (viaz.)
Fyzický popis: 394 s.
Tagy: Pridať tag
Žiadne tagy, Buďte prvý kto otaguje tento záznam!

MARC

LEADER 00000nam a22000001 4500
001 000224021
005 20091107190848.0
008 960112s1979 xr g 000 0 cze d
020 |a (viaz.) 
040 |a SVKKK  |b slo  |c SVKKK  |e AACR2 
041 1 |a cze  |h mul 
044 |a xr  |c CZ 
245 0 0 |a Čítanka pro střední školy /  |c sestavili Milan Zeman a Vlastislav Hnízdo. 
250 |a 4. vyd. 
260 |a Praha :  |b Státní pedagogické nakladatelství,  |c 1979. 
300 |a 394 s. 
366 |e 35000 výtl. 
490 1 |a Učebnice pro střední školy 
500 |a Preklad z rôz. orig. 
500 |a Slovníček cizích autorů 
700 1 |a Zeman, Milan,  |d 1940-  |4 com 
700 1 |a Hnízdo, Vlastislav,  |d 1934-  |4 com 
830 0 |a Učebnice pro střední školy 
910 |a svkkk 
998 |a BK 
090 |g SCKHL  |k Sklad Pribinova 2. posch.  |a II.249922  |j 601030  |i 224021-10  |s Absenčne